|
|
|
|
| LEADER |
00000nam0a2200000 4500 |
| 001 |
148219 |
| 005 |
20231031145406.0 |
| 020 |
|
|
|a RU
|b 81-68591
|
| 035 |
|
|
|a (RuTPU)RU\TPU\book\160673
|
| 090 |
|
|
|a 148219
|
| 100 |
|
|
|a 20081127d1981 m y0rusy5003 ca
|
| 101 |
0 |
|
|a rus
|
| 102 |
|
|
|a RU
|
| 105 |
|
|
|a c z 000ay
|
| 200 |
1 |
|
|a Долгое молчание
|e повесть
|f М. Г. Рольникайте
|
| 210 |
|
|
|a Ленинград
|c Советский писатель
|c Ленингр. отд-ние
|d 1981
|
| 215 |
|
|
|a 207 с.
|c портр.
|
| 333 |
|
|
|a Исключено из фонда НТБ ТПУ
|
| 700 |
|
1 |
|a Рольникайте
|b М. Г.
|g Мария Григорьевна
|
| 801 |
|
0 |
|a RU
|b RuMRKP
|c 19950704
|g psbo
|
| 801 |
|
1 |
|a RU
|b 63413507
|c 20081127
|g PSBO
|
| 801 |
|
2 |
|a RU
|b 63413507
|c 20220516
|g PSBO
|
| 942 |
|
|
|c BK
|